Lecciones de filosofía del Estado III : lo político, la política, la palabra Estado /

Guardado en:
Bibliografiske detaljer
Hovedforfatter: Galán y Gutiérrez, Eustaquio (autor)
Format: Bog
Sprog:spansk
Udgivet: Madrid, España : Universidad Complutense de Madrid, Facultad de Derecho, 1973
Tags: Tilføj Tag
Ingen Tags, Vær først til at tagge denne postø!

MARC

LEADER 00000nam^a2200000^a^4500
001 000575969
005 20250521000000.0
009 20260310132419.484
020 |a 84-400-6770-4 
037 |a Acervo ITESO - Biblioteca 
041 |a ESP 
091 |a FGM. 05690 
100 |a Galán y Gutiérrez, Eustaquio  |e (autor) 
245 1 0 |a Lecciones de filosofía del Estado III :  |b lo político, la política, la palabra Estado / 
264 1 |a Madrid, España :  |b Universidad Complutense de Madrid, Facultad de Derecho,  |c 1973 
300 |a 112 p. 
336 |a texto  |b txt  |2 rdacontenido 
337 |a sin mediación  |b n  |2 rdamedio 
338 |a volumen  |b nc  |2 rdasoporte 
649 |a XX 
910 |a Fondo Efraín González Morfín 
920 |a Impresos - Libros 
930 |a Fondos Especiales 
905 |a 130 
901 |a 0500380359  |b IT2  |c ESL  |i D87306  |u 20250521 
902 |a https://opac.biblio.iteso.mx/vufind/Record/000575969